Great Literature #53 - Statistics

General Stats
  • This quiz has been taken 33 times
  • The average score is 7 of 20
Answer Stats
Hint Explanation Answer % Correct
Tom Clancy 1984 The Hunt for Red October
87%
Martin Luther King Jr. 1964 Why We Can’t Wait
78%
Salman Rushdie 1990 Haroun and the Sea of Stories
57%
Alfred North Whitehead, Bertrand Russell 1910, 1912, 1913 (3 vols.) Principia Mathematica
57%
Samuel Pepys 1825 The Diary of _____ _____
57%
Siddhartha Mukherjee 2010 The Emperor of All Maladies
57%
MacKinlay Kantor 1955 Andersonville
48%
Walter Mosley 1990 Devil in a Blue Dress
48%
Eudora Welty 1972 The Optimist’s Daughter
43%
Percival Everett 2001 Erasure
39%
André Brink 1979 (’n Droë wit seisoen) A Dry White Season
26%
Géza Gárdonyi 1899 (Egri csillagok) Eclipse of the Crescent Moon
22%
Assia Djebar 1985 (L'amour, la fantasia) Fantasia: An Algerian Cavalcade
22%
Edmund White 1982 A Boy’s Own Story
17%
Alberto Moravia 1954 (Il disprezzo) A Ghost at Noon (Contempt)
17%
Fritz Leiber 1943 Conjure Wife
13%
Robert Blake 1966 Disraeli
13%
Miles Franklin 1901 My Brilliant Career
13%
Mary McCarthy 1963 The Group
9%
Norman Cohn 1957; rev. and exp. 1970 The Pursuit of the Millennium
9%
No matching quizzes found
Score Distribution
Percent of People with Each Score
Percentile by Number Answered
Your Score History
You have not taken this quiz